000 00545nam a2200229Ia 4500
003 0100
008 130303s9999 xx 000 0 und d
020 _a0198240988
040 _cARRUPELIB
050 _aBD418.3.S74 1997
100 _aSteward, Helen
245 4 _aThe ontology of mind
245 _bevents, processes, and states
260 _aOxford
260 _bClarendon Press
260 _C1997
300 _aviii
300 _b 276p. 23cm.
440 _aOxford philosophical monographs
650 _aONTOLOGY
942 0 0 _01
999 _c15546
_d15546